00669nam a2200229Ia 450000100060000000300090000600800410001504000130005604000130006904100130008210000170009510000290011224500190014124500640016025000110022426000140023526000290024926000490027830000550032765000260038265000310040841324IT-RoPAU130308s9999 xx 000 0 und d aIT-RoPAU cIT-RoPAU aFRANCESE aSokal Benoit gCodice Aut. SPICS: 17909 aPensees (B.S.) bAutour Du Scenario-Cinema, bande Dessinee, Roman-Photo, Vid a1a ed. aBRUXELLES bUniversite' De Bruxelles c1986 [1° Ed.:1986 - Ed.Ling.Originale:1986] a"9 p. (prefazione: no ; testo: 9 [pagine: 15-24])" aREGIA CINEMATOGRAFICA eCodice materia Spics: 6803